LEADER 03028oam 2200673I 450 001 9910456306203321 005 20200520144314.0 010 $a1-135-83791-0 010 $a1-135-83792-9 010 $a1-282-59563-6 010 $a9786612595639 010 $a0-203-88059-5 024 7 $a10.4324/9780203880593 035 $a(CKB)2550000000013022 035 $a(EBL)517106 035 $a(OCoLC)645061047 035 $a(SSID)ssj0000417176 035 $a(PQKBManifestationID)11290795 035 $a(PQKBTitleCode)TC0000417176 035 $a(PQKBWorkID)10436516 035 $a(PQKB)10957426 035 $a(MiAaPQ)EBC517106 035 $a(Au-PeEL)EBL517106 035 $a(CaPaEBR)ebr10389458 035 $a(CaONFJC)MIL259563 035 $a(OCoLC)995470996 035 $a(EXLCZ)992550000000013022 100 $a20180706d2010 uy 0 101 0 $aeng 135 $aur|n|---||||| 181 $ctxt 182 $cc 183 $acr 200 10$aEthics for international business $edecision making in a global political economy /$fJohn M. Kline 205 $a2nd ed. 210 1$aNew York, N.Y. :$cRoutledge,$d2010. 215 $a1 online resource (293 p.) 300 $aDescription based upon print version of record. 311 $a0-415-99943-X 311 $a0-415-99942-1 320 $aIncludes bibliographical references and index. 327 $aThe value foundation for a global society -- Ethics and international business -- Human rights concepts and principles -- Political involvements by business -- The foreign production process -- Product and export controls -- Marketing motives and methods -- Culture and the human environment -- Nature and the physical environment -- Business guidance and control mechanisms -- Deciding ethical dilemmas. 330 $aBusiness takes place in an increasingly global environment, crossing political and cultural boundaries that challenge corporate values. The central focus of this successful and innovative text lies in how to make and explain 'best choice' judgments when confronting ethical dilemmas in international business situations.The newly-updated version of this groundbreaking textbook continues to provide a topical and relevant analysis of the ethical dimensions of conducting business in a global political economy. From a starting point of applied ethics, the book introduces a common set of n 606 $aBusiness ethics 606 $aInternational business enterprises$xMoral and ethical aspects 606 $aGlobalization$xMoral and ethical aspects 608 $aElectronic books. 615 0$aBusiness ethics. 615 0$aInternational business enterprises$xMoral and ethical aspects. 615 0$aGlobalization$xMoral and ethical aspects. 676 $a174/.4 700 $aKline$b John M.$0114809 801 0$bMiAaPQ 801 1$bMiAaPQ 801 2$bMiAaPQ 906 $aBOOK 912 $a9910456306203321 996 $aEthics for international business$9783100 997 $aUNINA LEADER 01686nam a2200277 i 4500 001 991003611669707536 008 080415s2008 it 100 0 ita d 035 $ab13723947-39ule_inst 040 $aDip.to Studi Giuridici$bita 082 0 $a347.016 245 02$aI decreti legislativi di attuazione della 3. direttiva in materia di antiriciclaggio ed antiterrorismo nell'attivitą notarile :$batti del Convegno /$cFondazione italiana per il notariato 260 $a[Milano] :$bIl Sole 24 Ore,$cstampa 2008 300 $a169 p. ;$c24 cm 440 2$aI quaderni della Fondazione italiana per il notariato ;$v2/2008 500 $aAtti del Convegno tenutosi a Firenze il 26 gennaio 2008. - In testa al front.: Fondazione italiana per il notariato. - Segue: Appendice documentale. 500 $aSegue in Appendice Decreto legislativo del 21 nov. 2007, n. 231 650 4$aRiciclaggio $xAdempimenti notarili$xLegislazione$xDecreto legislativo n.231, 2007 650 4$aTerrorismo $xAdempimenti notarili$xLegislazione$xDecreto legislativo n. 231, 2007 710 1 $aFondazione italiana per il notariato$eauthor$4http://id.loc.gov/vocabulary/relators/aut$0302028 770 0 $aIl $tnuovo diritto fallimentare ed il ruolo del notaio 907 $a.b13723947$b02-04-14$c09-05-08 912 $a991003611669707536 945 $aLE027 347.01 FIN08.04$g1$i2027000207756$lle027$og$pE15.00$q-$rl$s- $t0$u1$v0$w1$x0$y.i1474854x$z09-05-08 996 $aDecreti legislativi di attuazione della 3. direttiva in materia di antiriciclaggio ed antiterrorismo nell'attivitą notarile$91464424 997 $aUNISALENTO 998 $ale027$b09-05-08$cm$da $e-$fita$git $h2$i0